[Event "Wch U08 Girls"]
[Site "Montesilvano"]
[Date "2024.11.26"]
[Round "11"]
[White "Baghramyan, Sofia"]
[Black "Tamilselvan, Tara"]
[Result "0-1"]
[WhiteElo "1455"]
[BlackElo "1673"]
[PlyCount "124"]
[EventDate "2024.11.15"]
[EventType "swiss"]
[EventRounds "11"]
[EventCountry "ITA"]
[SourceTitle "CB48_2024"]
[SourceDate "2024.11.28"]
[SourceVersion "1"]
[SourceVersionDate "2024.11.28"]
[SourceQuality "1"]

1. e4 e5 2. Nf3 Nf6 3. Nc3 Nc6 4. Bc4 Nxe4 5. 0-0 Nxc3 6. dxc3 f6 7. Nh4 g6 8. f4 Qe7 9. b4 d6 10. a4 f5 11. Nf3 Be6 12. Bb5 Bg7 13. Qe2 e4 14. Nd4 0-0 15. Nxe6 Qxe6 16. Rd1 Kh8 17. Bc4 Qd7 18. Bb2 Nxb4 19. cxb4 Bxb2 20. Rab1 Bg7 21. b5 c6 22. bxc6 bxc6 23. Rb4 d5 24. Qe1 Qc7 25. Bf1 Qxf4 26. Rdb1 Be5 27. g3 Qf3 28. Bg2 Qc3 29. Qxc3 Bxc3 30. R4b3 Bd4+ 31. Kf1 a5 32. Ke2 Be5 33. Rf1 Rab8 34. Rbb1 Rxb1 35. Rxb1 Rb8 36. Rxb8+ Bxb8 37. Kf2 Kg7 38. Ke3 c5 39. Ke2 d4 40. Kd2 Kf6 41. Ke2 c4 42. Kd1 Ke5 43. Ke2 Kd5 44. Kd1 Kc5 45. Kc1 Kb4 46. Bf1 d3 47. cxd3 cxd3 48. Kd2 Kxa4 49. Bxd3 exd3 50. Kxd3 Kb3 51. Kd2 Kb2 52. Ke3 a4 53. Kf3 a3 54. h3 a2 55. g4 a1Q 56. gxf5 Qf1+ 57. Ke4 Qxf5+ 58. Kd4 Qe5+ 59. Kc4 Kc2 60. Kb4 Bd6+ 61. Ka4 Qb2 62. Ka5 Bc5 0-1

[Event "Wch U08 Girls"]
[Site "Montesilvano"]
[Date "2024.11.24"]
[Round "9"]
[White "Tamilselvan, Tara"]
[Black "Chen, Qinran"]
[Result "0-1"]
[WhiteElo "1673"]
[BlackElo "1435"]
[PlyCount "78"]
[EventDate "2024.11.15"]
[EventType "swiss"]
[EventRounds "11"]
[EventCountry "ITA"]
[SourceTitle "CB48_2024"]
[SourceDate "2024.11.28"]
[SourceVersion "1"]
[SourceVersionDate "2024.11.28"]
[SourceQuality "1"]

1. e4 e5 2. Nf3 Nc6 3. Bb5 a6 4. Ba4 Nf6 5. d4 Nxe4 6. 0-0 b5 7. Bb3 d5 8. dxe5 Be6 9. Nbd2 Nc5 10. c3 Nxb3 11. Nxb3 Be7 12. Nbd4 Nxd4 13. Nxd4 Qd7 14. Qf3 0-0 15. Qg3 Kh8 16. Bg5 Bxg5 17. Qxg5 h6 18. Qe3 Rac8 19. Nb3 Qe7 20. Nc5 a5 21. b4 axb4 22. cxb4 Rfe8 23. f4 Bf5 24. Qf3 c6 25. g4 Bh7 26. Rfe1 Qc7 27. Qf2 Ra8 28. Qd4 Qe7 29. h3 Qh4 30. Kg2 Ra3 31. Nb3 Rxa2+ 32. Rxa2 Qxe1 33. Nd2 Qe2+ 34. Qf2 Be4+ 35. Kg1 Qd3 36. Nxe4 dxe4 37. Kg2 Rd8 38. Qe2 Qd5 39. Qe3 Qxa2+ 0-1

[Event "BCF-ch U08 rapid"]
[Site "Hull"]
[Date "2024.07.27"]
[Round "9"]
[White "Qin, Oscar"]
[Black "Tamilselvan, Tara"]
[Result "1/2-1/2"]
[WhiteElo "1689"]
[BlackElo "1613"]
[PlyCount "63"]
[EventDate "2024.07.26"]
[EventType "swiss (rapid)"]
[EventRounds "9"]
[EventCountry "ENG"]
[SourceTitle "CBM 221 Extra"]
[Source "ChessBase"]
[SourceDate "2024.09.30"]
[SourceVersion "1"]
[SourceVersionDate "2024.09.30"]
[SourceQuality "1"]

1. d4 d5 2. c4 c6 3. Nc3 Nf6 4. g3 e6 5. Bg2 Bd6 6. Bg5 h6 7. Bxf6 Qxf6 8. Nf3 0-0 9. e3 dxc4 10. Nd2 b5 11. a4 b4 12. Nce4 Qe7 13. Nxd6 Qxd6 14. Nxc4 Qe7 15. 0-0 Bb7 16. Na5 Qc7 17. Nxb7 Qxb7 18. e4 Rd8 19. Qd2 Na6 20. e5 Qb6 21. Rfd1 Rac8 22. a5 Qb7 23. f4 Rd7 24. Qe2 Nc7 25. Rac1 Nb5 26. Qe3 Rdc7 27. Rc4 Qa6 28. Rxb4 Qxa5 29. Rc4 Qa2 30. Qe2 Qa6 31. Qc2 Qb6 32. Kh1 1/2-1/2

[Event "BCF-ch U08 rapid"]
[Site "Hull"]
[Date "2024.07.27"]
[Round "7"]
[White "Saxena, Advik"]
[Black "Tamilselvan, Tara"]
[Result "0-1"]
[WhiteElo "1572"]
[BlackElo "1613"]
[PlyCount "84"]
[EventDate "2024.07.26"]
[EventType "swiss (rapid)"]
[EventRounds "9"]
[EventCountry "ENG"]
[SourceTitle "CBM 221 Extra"]
[Source "ChessBase"]
[SourceDate "2024.09.30"]
[SourceVersion "1"]
[SourceVersionDate "2024.09.30"]
[SourceQuality "1"]

1. e4 e5 2. Nf3 Nf6 3. Nxe5 d6 4. Nf3 Nxe4 5. d4 d5 6. Bd3 Bd6 7. 0-0 0-0 8. c4 c6 9. Qc2 Bf5 10. Nc3 Nxc3 11. Bxf5 g6 12. Bd3 dxc4 13. Bxc4 Nd5 14. Qb3 Qd7 15. Bh6 Re8 16. Rfe1 Na6 17. Ne5 Bxe5 18. dxe5 Nc5 19. Qf3 Qe6 20. Rac1 Nd7 21. Rcd1 Nxe5 22. Qg3 Qf5 23. Bxd5 cxd5 24. Qb3 d4 25. Qxb7 Ng4 26. Re2 Nxh6 27. Red2 Qe5 28. h3 Nf5 29. Rc2 Qa5 30. a3 Re1+ 31. Rxe1 Qxe1+ 32. Kh2 Re8 33. Rc7 Qxf2 34. Rc8 Rxc8 35. Qxc8+ Kg7 36. Qb7 Qf4+ 37. Kg1 d3 38. Qd5 d2 39. Kh1 Ng3+ 40. Kg1 Ne2+ 41. Kh1 Qf1+ 42. Kh2 Qg1# 0-1

[Event "BCF-ch U08 rapid"]
[Site "Hull"]
[Date "2024.07.26"]
[Round "3"]
[White "Makarabbi, Anvay"]
[Black "Tamilselvan, Tara"]
[Result "0-1"]
[WhiteElo "1501"]
[BlackElo "1613"]
[PlyCount "140"]
[EventDate "2024.07.26"]
[EventType "swiss (rapid)"]
[EventRounds "9"]
[EventCountry "ENG"]
[SourceTitle "CBM 221 Extra"]
[Source "ChessBase"]
[SourceDate "2024.09.30"]
[SourceVersion "1"]
[SourceVersionDate "2024.09.30"]
[SourceQuality "1"]

1. c4 e5 2. g3 Nf6 3. Bg2 c6 4. Nc3 d5 5. cxd5 cxd5 6. d3 Nc6 7. Nf3 Bb4 8. Bd2 d4 9. Nb5 Bxd2+ 10. Qxd2 0-0 11. 0-0 a6 12. Na3 Bf5 13. Nc4 e4 14. Nh4 Be6 15. Na3 exd3 16. exd3 Bd5 17. Nf3 Qd7 18. Nc4 Bxc4 19. dxc4 Ne4 20. Qd3 Nc5 21. Qd2 Rad8 22. Rad1 Rfe8 23. Rfe1 Rxe1+ 24. Nxe1 Ne5 25. h3 Ne6 26. b3 h6 27. Nf3 Nxf3+ 28. Bxf3 Ng5 29. Bg4 f5 30. Be2 Nxh3+ 31. Kg2 Ng5 32. Qf4 Ne4 33. Bf3 Re8 34. Bxe4 fxe4 35. Qd2 Qc6 36. Kg1 Rd8 37. Qe2 d3 38. Qe3 Rf8 39. Re1 Qf6 40. Rd1 Qb2 41. Rd2 Qc1+ 42. Kg2 Rf3 43. Qxe4 Rxg3+ 44. Kxg3 Qxd2 45. Qd5+ Kh8 46. Qd8+ Kh7 47. Qd7 Qg5+ 48. Kh2 d2 49. Qd3+ Kh8 50. Qe2 Qf4+ 51. Kg1 Qd4 52. Qe8+ Kh7 53. Kg2 d1Q 54. Qe6 Q4g4+ 55. Qxg4 Qxg4+ 56. Kh1 Qf3+ 57. Kh2 Qxf2+ 58. Kh3 Qxa2 59. Kh4 Qxb3 60. c5 Qc4+ 61. Kh3 Qxc5 62. Kh2 b5 63. Kh3 b4 64. Kh2 b3 65. Kh3 b2 66. Kh2 b1Q 67. Kh3 Qf1+ 68. Kh4 Qcf2+ 69. Kh5 Qf5+ 70. Kh4 Q1f2# 0-1

[Event "BCF-ch U08 rapid"]
[Site "Hull"]
[Date "2024.07.26"]
[Round "6"]
[White "Tamilselvan, Tara"]
[Black "Kapitanski, Furion"]
[Result "1-0"]
[WhiteElo "1613"]
[BlackElo "1635"]
[PlyCount "119"]
[EventDate "2024.07.26"]
[EventType "swiss (rapid)"]
[EventRounds "9"]
[EventCountry "ENG"]
[SourceTitle "CBM 221 Extra"]
[Source "ChessBase"]
[SourceDate "2024.09.30"]
[SourceVersion "1"]
[SourceVersionDate "2024.09.30"]
[SourceQuality "1"]

1. e4 e5 2. Nf3 Nc6 3. Bb5 Nf6 4. 0-0 Nxe4 5. Re1 Nd6 6. Nxe5 Be7 7. Nc3 Nxb5 8. Nxb5 a6 9. Nc3 Nxe5 10. Rxe5 0-0 11. d4 Bd6 12. Re1 Re8 13. Be3 b6 14. Qf3 Rb8 15. d5 Bb7 16. Qg4 Be7 17. Bd4 f6 18. Be3 Bf8 19. Qc4 d6 20. Qg4 Bc8 21. Qg3 Bd7 22. Bd4 Kh8 23. Qd3 a5 24. a3 c6 25. dxc6 Bxc6 26. b4 Qd7 27. b5 Bb7 28. Rxe8 Qxe8 29. f3 Qd8 30. Qe3 Ba8 31. Na4 Qd7 32. c4 Qc7 33. Nxb6 Bb7 34. Rc1 Qe7 35. Qxe7 Bxe7 36. Bc3 Bxf3 37. gxf3 Rxb6 38. Bxa5 Rb7 39. Re1 h6 40. Bb4 Ra7 41. Re6 Rd7 42. b6 Kg8 43. Rxe7 Rxe7 44. Bxd6 Rb7 45. Bc7 Kf7 46. c5 Ke7 47. c6 Rxb6 48. Bxb6 Kd6 49. c7 Kd7 50. a4 Kc8 51. a5 f5 52. a6 Kd7 53. a7 f4 54. a8Q g5 55. c8Q+ Ke7 56. Qc7+ Ke6 57. Qac8+ Kf6 58. Bd4+ Kg6 59. Qe8+ Kf5 60. Qce5# 1-0